Microbiología
Guardat en:
| Autors principals: | , , , |
|---|---|
| Format: | Llibre |
| Idioma: | espanyol |
| Publicat: |
Barcelona
Reverté
1992
|
| Edició: | 2a. ed |
| Matèries: | |
| Etiquetes: |
Afegir etiqueta
Sense etiquetes, Sigues el primer a etiquetar aquest registre!
|
MARC
| LEADER | 00000nam a2200000 a 4500 | ||
|---|---|---|---|
| 001 | UCK5732 | ||
| 003 | CL-VaPUC | ||
| 008 | 050819e19920000SP |||||||||||||||||spa|d | ||
| 020 | |a 8429118683 | ||
| 082 | 0 | 4 | |a 576 |b STA |2 21 |
| 100 | 0 | |a Stanier, Roger Y |e author |9 494675 | |
| 700 | |a Ingraham, John L |e author |9 585924 | ||
| 700 | 0 | |a Wheelis, Mark L |e author |9 494677 | |
| 700 | 0 | |a Painter, Page R |e author |9 494678 | |
| 245 | 1 | 0 | |a Microbiología |
| 250 | |a 2a. ed | ||
| 300 | |a 750 p | ||
| 942 | |c BK | ||
| 945 | |d 20050819 00:00:00 |a jcarroza | ||
| 260 | |a Barcelona |b Reverté |c 1992 | ||
| 650 | 0 | |a Microbiología |9 259706 | |
| 650 | 0 | |a Células |9 269548 | |
| 650 | 0 | |a Cultivos celulares |9 326596 | |
| 583 | |a last modification |c 20050819 00:00:00 |k Rodrigo Vera | ||
| 999 | |c 314225 |d 314223 | ||
| 952 | |0 0 |1 0 |4 0 |6 576_000000000000000_STA_1992 |7 0 |8 A |9 386248 |a BIBCUR |b BIBCUR |d 2019-11-22 |i 4156404 |l 3 |o 576 STA 1992 |p 4156404 |r 2025-05-08 |s 2025-05-08 |w 2019-11-22 |y BK |k BCB | ||